00936nam0a22002531 4500001001500000005001700015035002600032100004100058101001300099102000700112105001800119200014100137205001700278210005400295215002200349300002900371700009200400702004000492801002800532801003200560801003700592801003100629852002200660v19\rc\167839220260407065445.0 a(NLR Aleph) 005243430 a20061002d1895 |||y0rusy50 ca1 aruscger aRU aa z |||||1 aОбезьяны Нового светаeВ 2 ч.eС 13 рис.f[Соч.] А. БремаgИзлож. М.Н. Я[нишевский] a1-е изд. aМоскваcП.К. Прянишниковd1895 a48 с.cил.d17 aНа тит. л.: № 29 18rus7caaБремbА. Э.f1829-1884gАльфред Эдмунд3RU\NLR\AUTH\7716106 1aЯнишевскийbМ.Н.4570 0aRUbNLRc20061002gpsbo 0aRUbRuMoRGBc200610022psbo 1aRUbProSoft-Mc200610022rusmarc 2aRUbNLRc200709232rusmarc aNLRj18.262.7.376